[Event "MAESTRO  OSCAR PANNO"]
[Site "SchemingMind.com"]
[Date "2013.06.23"]
[Round "-"]
[White "SAMAEL"]
[Black "Scooter"]
[Result "0-1"]
[WhiteCountry "CAN"]
[BlackCountry "USA"]
[WhiteElo "1744"]
[WhiteRD "62"]
[BlackElo "1747"]
[BlackRD "50"]
[GameID "333567"]

1. d4 Nf6 2. Nf3 g6 3. e3 Bg7 4. Be2 O-O 5. O-O b6 6. c4 Bb7 7. Nc3 d5 8. h3 Nbd7 9. b3 e6 10. Bb2 c5
11. Qd2 dxc4 12. Bxc4 cxd4 13. Nxd4 Ne5 14. Be2 Ne4 15. Nxe4 Bxe4 16. Rfd1 Qe7 17. Rac1 Rfd8 18. Qe1 Rac8 19. Rxc8 Rxc8 20. Rc1 Rxc1
21. Qxc1 Qg5 22. Qc8+ Bf8 23. Bf1 Nd3 24. Ba3 Nc5 25. Bxc5 bxc5 26. Nb5 Bf5 27. Kh2 Qe7 28. g3 Bb1 29. Qa6 Qf6 30. Kg1 Qb2
31. Qxa7 Qa1 32. Qd7 Bxa2 33. Qd3 Bb1 34. Qc3 Qxc3 35. Nxc3 Bc2 36. Bc4 Bg7 37. Na4 Bf8 38. Nb6 Bf5 39. Kg2 h5 40. Kf3 Bxh3
41. Nd7 Bg4+ 42. Kg2 e5 43. Nxf8 Kxf8 44. f3 Be6 45. Bxe6 fxe6 46. Kh3 g5 47. f4 exf4 48. exf4 gxf4 49. gxf4 Kf7 50. Kg3 Kf6
51. Kf3 Kf5
0-1

[Event "MAESTRO  OSCAR PANNO"]
[Site "SchemingMind.com"]
[Date "2013.06.23"]
[Round "-"]
[White "SAMAEL"]
[Black "michel"]
[Result "0-1"]
[WhiteCountry "CAN"]
[BlackCountry "CAN"]
[WhiteElo "1720"]
[WhiteRD "62"]
[BlackElo "2038"]
[BlackRD "61"]
[GameID "333568"]

1. Nc3 e5 2. a3 d5 3. e4 d4 4. Na2 f5 5. exf5 Bxf5 6. d3 Nf6 7. Nf3 Bd6 8. Be2 O-O 9. O-O Nc6 10. Bd2 Qd7
11. Re1 Rae8 12. h3 e4 13. dxe4 Nxe4 14. Nc1 Rf6 15. Nd3 Bxh3 16. g3 Bg4 17. Nh2 Bxe2 18. Qxe2 Rfe6 19. Qd1 Nf6 20. Qf3 h5
21. Bg5 Rxe1+ 22. Rxe1 Rxe1+ 23. Nxe1 Qf7 24. Bxf6 gxf6 25. Qe2 Qd5 26. Qf3 Qxf3 27. Nhxf3 Kf7 28. Nd3 Ke6 29. Kg2 Kd5 30. Nd2 Ne7
31. Kh3 Ng6 32. b3 Bxa3 33. f3 Bd6 34. Ne4 f5 35. Nf6+ Ke6 36. Nxh5 c5 37. Ng7+ Kf6 38. Ne8+ Ke7 39. Nxd6 Kxd6 40. f4 b5
41. Kg2 c4 42. bxc4 bxc4 43. Nb2 Kc5 44. Kf3 Kb4 45. g4 fxg4+ 46. Kxg4 Kc3 47. f5 Nf8 48. Nxc4 Kxc4 49. f6 a5
0-1

[Event "MAESTRO  OSCAR PANNO"]
[Site "SchemingMind.com"]
[Date "2013.06.23"]
[Round "-"]
[White "SAMAEL"]
[Black "kenneth m day"]
[Result "0-1"]
[WhiteCountry "CAN"]
[BlackCountry "USA"]
[WhiteElo "1720"]
[WhiteRD "62"]
[BlackElo "1770"]
[BlackRD "52"]
[GameID "333569"]

1. c4 Nf6 2. Nf3 e6 3. e3 c5 4. d4 Nc6 5. Nc3 d5 6. cxd5 exd5 7. h3 Be7 8. Be2 O-O 9. O-O cxd4 10. Nxd4 Re8
11. Nxc6 bxc6 12. Bd2 Qd6 13. a3 Bd8 14. f4 Bb6 15. Qc1 Bf5 16. Kh1 Qe6 17. g4 Be4+ 18. Nxe4 Nxe4 19. Rf3 Nxd2 20. Qxd2 Qe4
21. Kh2 Bxe3
0-1

[Event "MAESTRO  OSCAR PANNO"]
[Site "SchemingMind.com"]
[Date "2013.06.22"]
[Round "-"]
[White "SAMAEL"]
[Black "simpet"]
[Result "1-0"]
[WhiteCountry "CAN"]
[BlackCountry "ENG"]
[WhiteElo "1742"]
[WhiteRD "59"]
[BlackElo "1688"]
[BlackRD "56"]
[GameID "333570"]

1. e4 e5 2. Nf3 Nc6 3. Be2 Bc5 4. Nc3 Nf6 5. h3 d5 6. exd5 Nxd5 7. a3 O-O 8. O-O Nxc3 9. dxc3 Bf5 10. Be3 Bxe3
11. fxe3 Bg6 12. c4 f6 13. Qxd8 Raxd8 14. c3 e4 15. Nd4 Rd6 16. Rad1 Nxd4 17. cxd4 Kh8 18. c5 Rd5 19. b4 Bh5 20. Bxh5 Rxh5
21. Rf4 f5 22. Rdf1 g6 23. Rxe4 Rc8 24. Ref4 Re8 25. Re1 b5 26. cxb6 cxb6 27. d5 Rd8 28. Rd1 b5 29. d6 Kg7 30. Rd5 a6
31. e4 fxe4 32. Rxh5 Rxd6 33. Re5
1-0

[Event "MAESTRO  OSCAR PANNO"]
[Site "SchemingMind.com"]
[Date "2013.06.24"]
[Round "-"]
[White "ld31337"]
[Black "SAMAEL"]
[Result "0-1"]
[WhiteCountry "USA"]
[BlackCountry "CAN"]
[WhiteElo "1608"]
[WhiteRD "77"]
[BlackElo "1744"]
[BlackRD "62"]
[GameID "333571"]

1. e4 e5 2. Nf3 Nc6 3. Bb5 d6 4. d4 exd4 5. Nxd4 Bd7 6. Nxc6 Bxc6 7. Bxc6+ bxc6 8. Nc3 Nf6 9. Bg5 Be7 10. f4 O-O
11. Qe2 h6 12. Bh4 Nh7 13. Bxe7 Qxe7 14. O-O-O Rfe8 15. Rhf1 Kh8 16. Rf2 a5 17. a3 f6 18. h4 g5 19. Qh5 Qg7 20. hxg5 fxg5
21. fxg5 Qxg5+ 22. Qxg5 Nxg5 23. Re1 Rf8 24. Ref1 Kg7 25. g4 Rxf2 26. Rxf2 Re8 27. Rf4 Rf8 28. Rf5 c5 29. Nd5 Nxe4 30. c4 Rxf5
31. gxf5 c6 32. Ne7 h5 33. Kd1 Kf6 34. Nxc6 Kxf5 35. Nxa5 Kf4 36. Ke1 Ke3 37. Nb3 Kd3 38. Na5 h4 39. b3 h3 40. Kf1 Ke3
41. Kg1 Kf3 42. Kh2 Kg4 43. b4 cxb4 44. axb4 Nd2 45. c5 dxc5 46. bxc5 Nf1+ 47. Kg1 Kg3 48. Kh1 Ne3 49. Nb3 Ng4 50. c6 h2
0-1

[Event "MAESTRO  OSCAR PANNO"]
[Site "SchemingMind.com"]
[Date "2013.06.24"]
[Round "-"]
[White "jnable"]
[Black "SAMAEL"]
[Result "0-1"]
[WhiteCountry "PHI"]
[BlackCountry "CAN"]
[WhiteElo "1798"]
[WhiteRD "95"]
[BlackElo "1744"]
[BlackRD "62"]
[GameID "333572"]

1. c4 e5 2. Nc3 Nf6 3. Nf3 Nc6 4. e4 a6 5. d4 exd4 6. Nxd4 Be7 7. Be2 O-O 8. f4 Re8 9. O-O h6 10. Kh1 d6
11. Be3 Bd7 12. g4 Nh7 13. Nf5 Bxf5 14. gxf5 Bf6 15. Bd3 Ne7 16. Rc1 Nxf5 17. exf5 Rxe3 18. Rf3 Rxf3 19. Qxf3 c6 20. Rg1 Qe7
21. Nd1 Re8 22. Qf2 c5 23. b3 Bd4 24. Qg3 Bxg1 25. Qxg1 Qh4 26. Nf2 Qxf4 27. Qg3 Re1+ 28. Kg2 Qc1 29. Kh3 Re3
0-1

[Event "MAESTRO  OSCAR PANNO"]
[Site "SchemingMind.com"]
[Date "2013.06.23"]
[Round "-"]
[White "zciwar"]
[Black "SAMAEL"]
[Result "1-0"]
[WhiteCountry "POL"]
[BlackCountry "CAN"]
[WhiteElo "1885"]
[WhiteRD "95"]
[BlackElo "1720"]
[BlackRD "62"]
[GameID "333573"]

1. Nf3 Nf6 2. c4 c5 3. Nc3 Nc6 4. g3 e6 5. Bg2 Be7 6. O-O O-O 7. d4 cxd4 8. Nxd4 Rb8 9. Bf4 Ra8 10. Ndb5 e5
11. Bg5 a6 12. Nd6 Ne8 13. Bxe7 Qxe7 14. c5 Nxd6 15. cxd6 Qd8 16. Nd5 Rb8 17. Rc1 b5 18. Rxc6 dxc6 19. Ne7+ Kh8 20. Nxc6 Qb6
21. Nxb8 Qxb8 22. d7
1-0

[Event "MAESTRO  OSCAR PANNO"]
[Site "SchemingMind.com"]
[Date "2013.06.24"]
[Round "-"]
[White "emvarela"]
[Black "SAMAEL"]
[Result "1-0"]
[WhiteCountry "ARG"]
[BlackCountry "CAN"]
[WhiteElo "1767"]
[WhiteRD "50"]
[BlackElo "1672"]
[BlackRD "57"]
[GameID "333574"]

1. e4 e5 2. Nf3 Nc6 3. Bb5 d6 4. d4 exd4 5. Nxd4 Bd7 6. Nc3 a6 7. Bxc6 Bxc6 8. O-O Nf6 9. Nxc6 bxc6 10. Bg5 Be7
11. Re1 O-O 12. Qf3 c5 13. Rad1 h6 14. Bxf6 Bxf6 15. e5 Bxe5 16. Rxe5 Qc8 17. Re7 Rb8 18. b3 Qb7 19. Qxb7 Rxb7 20. Nd5 Rd8
21. Rxc7 Rxc7 22. Nxc7 Kf8 23. Nxa6 Ke7 24. a4 Rc8 25. f4 f5 26. Rd5 Rc6 27. Nxc5 dxc5 28. Rxf5 g6 29. Re5+ Kd6 30. Kf2 g5
31. g3 Ra6 32. Rf5 Ke6 33. Rxc5 gxf4 34. gxf4
1-0

[Event "MAESTRO  OSCAR PANNO"]
[Site "SchemingMind.com"]
[Date "2013.06.23"]
[Round "-"]
[White "Scooter"]
[Black "SAMAEL"]
[Result "1-0"]
[WhiteCountry "USA"]
[BlackCountry "CAN"]
[WhiteElo "1747"]
[WhiteRD "50"]
[BlackElo "1744"]
[BlackRD "62"]
[GameID "333575"]

1. d4 d5 2. Nf3 Nf6 3. Bf4 e6 4. e3 Be7 5. Be2 h6 6. h3 Nc6 7. c3 O-O 8. O-O Nh7 9. Nbd2 Ng5 10. Nxg5 Bxg5
11. Bxg5 Qxg5 12. Nf3 Qf6 13. Qb3 b6 14. Rfe1 Bd7 15. Qc2 a5 16. Bb5 Rad8 17. Bxc6 Bxc6 18. Ne5 Bb7 19. c4 dxc4 20. Qxc4 Qe7
21. Nc6 Bxc6 22. Qxc6 Rd6 23. Qc2 Rfd8 24. Rac1 R6d7 25. Qc6 Qd6 26. Rc2 Kf8 27. Rec1 Ke7 28. a4 f5 29. f4 g5 30. g3 gxf4
31. gxf4 Kf6 32. Kf2 Qe7 33. Qf3 Qf7 34. Qb7 c5 35. Qxb6 cxd4 36. Qxa5 dxe3+ 37. Kxe3 Qh5 38. Qe5+ Kf7 39. Rc7 Qxh3+ 40. Kf2 Qh4+
41. Ke3 Qg3+ 42. Ke2 Qd3+ 43. Kf2 Qd5 44. Qxd5 exd5 45. a5 Ke8 46. b4 Rb8 47. Rc8+ Rxc8 48. Rxc8+ Ke7 49. Rh8 Rd6 50. b5 Kd7
51. Rh7+ Kc8 52. Ke3 d4+ 53. Kd3 Kb8 54. b6 Rd5 55. a6
1-0

[Event "MAESTRO  OSCAR PANNO"]
[Site "SchemingMind.com"]
[Date "2013.06.23"]
[Round "-"]
[White "michel"]
[Black "SAMAEL"]
[Result "1-0"]
[WhiteCountry "CAN"]
[BlackCountry "CAN"]
[WhiteElo "1977"]
[WhiteRD "74"]
[BlackElo "1742"]
[BlackRD "59"]
[GameID "333576"]

1. e4 e5 2. Nc3 Nf6 3. a3 Nc6 4. Nf3 a6 5. g3 d6 6. h3 Be7 7. Bg2 Bd7 8. d4 exd4 9. Nxd4 O-O 10. O-O h6
11. Be3 Nh7 12. Nd5 Re8 13. Nxe7+ Qxe7 14. Qd2 Ne5 15. b3 Nf8 16. f4 Nc6 17. Rae1 Nxd4 18. Bxd4 Bc6 19. Bb2 Qd7 20. g4 Ng6
21. Qc3 f6 22. Qg3 b6 23. Rf2 Re7 24. Rfe2 Rae8 25. h4 Kh7 26. h5 Nf8 27. g5 hxg5 28. Bh3 Qd8 29. Bf5+ Kh8 30. fxg5 fxg5
31. h6 Kg8 32. hxg7
1-0

[Event "MAESTRO  OSCAR PANNO"]
[Site "SchemingMind.com"]
[Date "2013.06.22"]
[Round "-"]
[White "kenneth m day"]
[Black "SAMAEL"]
[Result "1-0"]
[WhiteCountry "USA"]
[BlackCountry "CAN"]
[WhiteElo "1758"]
[WhiteRD "53"]
[BlackElo "1672"]
[BlackRD "57"]
[GameID "333577"]

1. e4 e5 2. Nf3 Nc6 3. c3 d6 4. Bc4 Be6 5. Qb3 Bxc4 6. Qxc4 Nf6 7. d3 h6 8. O-O Be7 9. Re1 O-O 10. Na3 a6
11. h3 Qd7 12. Be3 b6 13. Rad1 Na5 14. Qb4 Qe6 15. c4 Rab8 16. Qd2 Nh7 17. b3 f5 18. exf5 Qxf5 19. Nc2 Nc6 20. d4 Rbe8
21. dxe5 dxe5 22. Qd5+ Kh8 23. Qxc6 Bd6 24. Re2 Rd8 25. Qd5 Nf6 26. Qd2 Ne4 27. Qe1 a5 28. a3 Rde8 29. Bc1 Nc5 30. Ne3 Qg6
31. Nd5 Rd8 32. Re3 Ne6 33. Nxe5 Bxe5 34. Rxe5 Ng5 35. Bxg5 hxg5 36. Ne7 Qh6 37. Rxd8 Rxd8 38. Re6 Qh5 39. Ng6+ Kh7 40. Qe4 Kg8
41. Re8+ Rxe8 42. Qxe8+ Kh7 43. Nf8+ Kh6 44. Qxh5+
1-0

[Event "MAESTRO  OSCAR PANNO"]
[Site "SchemingMind.com"]
[Date "2013.06.23"]
[Round "-"]
[White "simpet"]
[Black "SAMAEL"]
[Result "1/2-1/2"]
[WhiteCountry "ENG"]
[BlackCountry "CAN"]
[WhiteElo "1710"]
[WhiteRD "57"]
[BlackElo "1744"]
[BlackRD "62"]
[GameID "333578"]

1. e4 e5 2. Nf3 Nc6 3. Bc4 h6 4. O-O Nf6 5. Nc3 d6 6. d4 exd4 7. Nxd4 Bd7 8. f4 Be7 9. Nd5 O-O 10. Nxc6 bxc6
11. Nxe7+ Qxe7 12. e5 dxe5 13. Kh1 e4 14. Re1 Rfd8 15. Qe2 Bg4 16. Qf2 Qb4 17. Bb3 c5 18. c3 Qb5 19. h3 Bf5 20. Be3 c4
21. Bd1 a6 22. a4 Qb7 23. Bd4 Nh7 24. Re3 Re8 25. Rg3 f6 26. Bg4 Bxg4 27. Rxg4 Re7 28. Ra2 Qb3 29. Ra1 Rb8 30. Bc5 Rd7
31. Bb4 Rd1+ 32. Rxd1 Qxd1+ 33. Kh2 Qxa4 34. Qc5 Qb5 35. Qxc7 g5 36. Rg3 Kh8 37. fxg5 hxg5 38. h4 Rg8 39. Qf7 Rg7 40. Qe6 Qe5
41. Qxe5 fxe5 42. Kh3 gxh4 43. Kxh4 Rxg3 44. Kxg3 Kg7 45. Kf2 Kf6 46. Ke3 Ng5 47. Ba5 Kf5 48. Bd8 Ne6 49. Ba5 Nf4 50. g3 Nd3
51. g4+ Kxg4 52. Kxe4 Nxb2 53. Kxe5 Kf3 54. Kd4 Ke2 55. Kc5 Kd3 56. Kb6 Na4+ 57. Kxa6 Nxc3 58. Kb6 Nd5+ 59. Kb5 c3 60. Bxc3 Kxc3
1/2-1/2

[Event "MAESTRO  OSCAR PANNO"]
[Site "SchemingMind.com"]
[Date "2013.06.29"]
[Round "-"]
[White "private napoleon"]
[Black "ld31337"]
[Result "0-1"]
[WhiteCountry "ENG"]
[BlackCountry "USA"]
[WhiteElo "1818"]
[WhiteRD "62"]
[BlackElo "1578"]
[BlackRD "77"]
[GameID "333854"]

1. e4 e5 2. Nc3 Nf6 3. f4 d5 4. exd5 e4 5. Bc4 c6 6. dxc6 Nxc6 7. Nge2 Bf5 8. O-O Bc5+ 9. Kh1 O-O 10. h3 Qd6
11. g4 Nxg4 12. hxg4 Qh6+ 13. Kg2 Bxg4 14. Ng3 Qh3#
0-1

[Event "MAESTRO  OSCAR PANNO"]
[Site "SchemingMind.com"]
[Date "2013.07.01"]
[Round "-"]
[White "private napoleon"]
[Black "jnable"]
[Result "1-0"]
[WhiteCountry "ENG"]
[BlackCountry "PHI"]
[WhiteElo "1791"]
[WhiteRD "62"]
[BlackElo "1798"]
[BlackRD "95"]
[GameID "333855"]

1. b4 e5 2. a3 d5 3. Bb2 Bd6 4. e3 f5 5. c4 Nf6 6. c5 Be7 7. d4 e4 8. Nd2 O-O 9. Qb3 c6 10. Ne2 Ng4
11. Nf4 Bg5 12. Be2 Bxf4 13. exf4 Nd7 14. h3 Ngf6 15. g4 fxg4 16. hxg4 b6 17. g5 Ne8 18. Nxe4 Rxf4 19. Ng3 Qxg5 20. Rh5 Qf6
21. Rxd5 cxd5 22. Qxd5+ Kf8 23. Qxa8 Qd8 24. Qxa7 bxc5 25. dxc5 Nc7 26. c6 Nf6 27. Qc5+ Kg8 28. Rd1 Qe8 29. Be5 Ne4 30. Nxe4 Rxe4
31. Bxc7 Rxe2+ 32. Kf1 Bh3+ 33. Kg1 Qg6+ 34. Bg3 h5 35. Qc4+ Re6 36. c7
1-0

[Event "MAESTRO  OSCAR PANNO"]
[Site "SchemingMind.com"]
[Date "2013.06.29"]
[Round "-"]
[White "private napoleon"]
[Black "zciwar"]
[Result "0-1"]
[WhiteCountry "ENG"]
[BlackCountry "POL"]
[WhiteElo "1812"]
[WhiteRD "60"]
[BlackElo "1885"]
[BlackRD "95"]
[GameID "333856"]

1. c4 c5 2. e3 Nf6 3. d4 g6 4. d5 Bg7 5. Nc3 O-O 6. e4 d6 7. f4 e6 8. Nf3 exd5 9. cxd5 Re8 10. Qc2 Bf5
11. Nd2 Nxe4 12. Ncxe4 Bxe4 13. Nxe4 f5 14. Bd3 fxe4 15. Bb5 Qa5+ 16. Bd2 Qxb5 17. Bc3 Qd3 18. Qxd3 exd3+ 19. Kd2 c4 20. Rhe1 Nd7
21. Bxg7 Kxg7 22. Rac1 b5 23. a4 Nc5
0-1

[Event "MAESTRO  OSCAR PANNO"]
[Site "SchemingMind.com"]
[Date "2013.07.01"]
[Round "-"]
[White "private napoleon"]
[Black "emvarela"]
[Result "1-0"]
[WhiteCountry "ENG"]
[BlackCountry "ARG"]
[WhiteElo "1812"]
[WhiteRD "60"]
[BlackElo "1731"]
[BlackRD "49"]
[GameID "333857"]

1. d4 Nf6 2. c4 e6 3. Nc3 Bb4 4. e3 O-O 5. Bd2 d5 6. Nf3 Nc6 7. Be2 a6 8. O-O Bxc3 9. Bxc3 dxc4 10. Bxc4 b5
11. Bb3 Bb7 12. Qd3 Nd5 13. e4 Nxc3 14. bxc3 Na5 15. Nd2 c5 16. Bc2 cxd4 17. e5 dxc3 18. Qxh7#
1-0

[Event "MAESTRO  OSCAR PANNO"]
[Site "SchemingMind.com"]
[Date "2013.06.29"]
[Round "-"]
[White "private napoleon"]
[Black "Scooter"]
[Result "1-0"]
[WhiteCountry "ENG"]
[BlackCountry "USA"]
[WhiteElo "1812"]
[WhiteRD "60"]
[BlackElo "1729"]
[BlackRD "51"]
[GameID "333858"]

1. e4 c6 2. d4 d5 3. e5 Bf5 4. Nf3 e6 5. Be2 Nd7 6. O-O c5 7. c3 cxd4 8. cxd4 Bb4 9. Nc3 h6 10. Be3 a6
11. Rc1 Ne7 12. a3 Ba5 13. b4 Bb6 14. Qd2 Rc8 15. Na4 Ba7 16. Nc5 Nxc5 17. bxc5 O-O 18. Kh1 b6 19. Bxa6 Rc7 20. cxb6 Bxb6
21. Bd3 Bxd3 22. Qxd3 Nf5 23. g4 Nxe3 24. fxe3 Qd7 25. g5 h5 26. g6 f5 27. Rg1 Rfc8 28. Rxc7 Rxc7 29. Qe2 Qe7 30. Ng5
1-0

[Event "MAESTRO  OSCAR PANNO"]
[Site "SchemingMind.com"]
[Date "2013.06.29"]
[Round "-"]
[White "private napoleon"]
[Black "michel"]
[Result "0-1"]
[WhiteCountry "ENG"]
[BlackCountry "CAN"]
[WhiteElo "1818"]
[WhiteRD "62"]
[BlackElo "1977"]
[BlackRD "74"]
[GameID "333859"]

1. e4 e5 2. f4 exf4 3. Nf3 Nf6 4. e5 Nh5 5. d4 d6 6. exd6 Bxd6 7. Bc4 O-O 8. O-O Nc6 9. Ne5 Nxe5 10. dxe5 Bc5+
11. Kh1 Qh4 12. g3 Nxg3+ 13. Kg2 Bh3+ 14. Kf3 Qg4#
0-1

[Event "MAESTRO  OSCAR PANNO"]
[Site "SchemingMind.com"]
[Date "2013.06.29"]
[Round "-"]
[White "private napoleon"]
[Black "kenneth m day"]
[Result "1-0"]
[WhiteCountry "ENG"]
[BlackCountry "USA"]
[WhiteElo "1790"]
[WhiteRD "66"]
[BlackElo "1758"]
[BlackRD "53"]
[GameID "333860"]

1. e4 e5 2. f4 Bc5 3. Nf3 d6 4. Bc4 Nc6 5. Nc3 Nf6 6. a3 a6 7. d3 O-O 8. f5 b5 9. Ba2 Bb7 10. Bg5 Nd4
11. Nxd4 Bxd4 12. Nd5 Bxd5 13. Bxd5 Rb8 14. c3 Bb6 15. h4 h6 16. Qf3 hxg5 17. hxg5 Nh7 18. Rxh7 Qxg5 19. Qh3 Qe3+ 20. Qxe3 Bxe3
21. Rh3 Bh6 22. Ke2 Rbc8 23. Rah1 c6 24. Bb3 Rc7 25. g4 d5 26. exd5 cxd5 27. g5 Rc6 28. gxh6 Rxh6 29. Rxh6 gxh6 30. Bxd5 Kg7
31. b4 Rd8 32. c4 Rd6 33. Rf1 Kf6 34. Be4 h5 35. c5 Rd8 36. c6 h4 37. c7 Rc8 38. Rc1 Ke7 39. Bb7
1-0

[Event "MAESTRO  OSCAR PANNO"]
[Site "SchemingMind.com"]
[Date "2013.06.29"]
[Round "-"]
[White "private napoleon"]
[Black "simpet"]
[Result "1-0"]
[WhiteCountry "ENG"]
[BlackCountry "ENG"]
[WhiteElo "1812"]
[WhiteRD "60"]
[BlackElo "1656"]
[BlackRD "59"]
[GameID "333861"]

1. e4 e5 2. Nc3 Bc5 3. Bc4 Nf6 4. d3 d6 5. Bg5 O-O 6. h4 Nbd7 7. Qd2 Nb6 8. Bb3 Bb4 9. Nge2 Be6 10. O-O-O Bxb3
11. axb3 a5 12. Rdg1 a4 13. g4 a3 14. bxa3 Rxa3 15. Kd1 Nbd7 16. Qc1 Qa8 17. Kd2 Ne8 18. Be7 b6 19. Bxf8 Kxf8 20. Ke3 Nc5
21. Kf3 Ne6 22. Nd5 Bc5 23. g5 Nd4+ 24. Nxd4 Bxd4 25. h5 c6 26. Ne3 Bc3 27. g6 h6 28. gxf7 Nf6 29. Nf5 d5 30. Rxg7 dxe4+
31. dxe4 c5 32. Rg8+ Nxg8 33. fxg8=Q+ Kxg8 34. Qxh6 Kf7 35. Qh7+
1-0

[Event "MAESTRO  OSCAR PANNO"]
[Site "SchemingMind.com"]
[Date "2013.06.30"]
[Round "-"]
[White "private napoleon"]
[Black "SAMAEL"]
[Result "1-0"]
[WhiteCountry "ENG"]
[BlackCountry "CAN"]
[WhiteElo "1818"]
[WhiteRD "62"]
[BlackElo "1742"]
[BlackRD "59"]
[GameID "333862"]

1. e4 e5 2. Nc3 Nf6 3. f4 Nc6 4. Nf3 d6 5. Be2 exf4 6. d4 a6 7. Bxf4 h6 8. O-O Be7 9. Qd2 Nh7 10. d5 Na7
11. Bc4 Ng5 12. Rae1 O-O 13. h4 Nxf3+ 14. gxf3 Bh3 15. Rf2 Bxh4 16. Rh2 Bxe1 17. Qxe1 Bd7 18. Rg2 Kh7 19. Bd3 g6 20. Qg3 Rg8
21. Rh2 h5 22. e5 Kh8 23. Bg5 Qf8 24. Bf6+
1-0

[Event "MAESTRO  OSCAR PANNO"]
[Site "SchemingMind.com"]
[Date "2013.06.30"]
[Round "-"]
[White "ld31337"]
[Black "private napoleon"]
[Result "1/2-1/2"]
[WhiteCountry "USA"]
[BlackCountry "ENG"]
[WhiteElo "1618"]
[WhiteRD "72"]
[BlackElo "1812"]
[BlackRD "60"]
[GameID "333863"]

1. e4 c5 2. Nf3 d6 3. d4 cxd4 4. Nxd4 Nf6 5. Nc3 g6 6. Be2 Bg7 7. Bb5+ Nbd7 8. f4 O-O 9. Be3 a6 10. Bd3 b5
11. O-O Bb7 12. b4 Qc7 13. Qd2 Rac8 14. Nce2 Ng4 15. Rac1 Nxe3 16. Qxe3 Qb6 17. a3 e5 18. Qh3 Nb8 19. Rf3 exd4 20. Qh4 a5
21. f5 axb4 22. f6 Bh8 23. axb4 Na6 24. Rg3 Nxb4 25. Qh6 Bxf6 26. Rh3 Rfe8 27. Nf4 Nxd3 28. Qxh7+ Kf8 29. Nxg6+ fxg6 30. Qxg6 d5
31. Rf1 Re6 32. cxd3 dxe4 33. Rh7 Rc7 34. Rxc7 Qxc7 35. Rxf6+ Rxf6 36. Qxf6+ Qf7 37. Qd8+ Kg7=
1/2-1/2

[Event "MAESTRO  OSCAR PANNO"]
[Site "SchemingMind.com"]
[Date "2013.07.02"]
[Round "-"]
[White "jnable"]
[Black "private napoleon"]
[Result "1-0"]
[WhiteCountry "PHI"]
[BlackCountry "ENG"]
[WhiteElo "1868"]
[WhiteRD "130"]
[BlackElo "1812"]
[BlackRD "60"]
[GameID "333864"]

1. e4 e5 2. Nf3 Nc6 3. Bb5 a6 4. Ba4 Nf6 5. O-O b5 6. Bb3 Be7 7. Re1 O-O 8. c3 d5 9. exd5 Nxd5 10. d4 exd4
11. cxd4 Bg4 12. Be3 Nb6 13. Nc3 Bf6 14. Ne4 Qe7 15. Nxf6+ Qxf6 16. Rc1 Bxf3 17. Qxf3 Qxf3 18. gxf3 Rad8 19. Rxc6 Rd7 20. Rec1
1-0

[Event "MAESTRO  OSCAR PANNO"]
[Site "SchemingMind.com"]
[Date "2013.06.30"]
[Round "-"]
[White "zciwar"]
[Black "private napoleon"]
[Result "0-1"]
[WhiteCountry "POL"]
[BlackCountry "ENG"]
[WhiteElo "1885"]
[WhiteRD "95"]
[BlackElo "1812"]
[BlackRD "60"]
[GameID "333865"]

1. Nf3 g6 2. c4 Bg7 3. e4 d6 4. d4 Nd7 5. Nc3 e5 6. Be2 exd4 7. Nxd4 Ngf6 8. O-O O-O 9. Be3 Re8 10. f3 c6
11. Qd2 d5
0-1

[Event "MAESTRO  OSCAR PANNO"]
[Site "SchemingMind.com"]
[Date "2013.07.01"]
[Round "-"]
[White "emvarela"]
[Black "private napoleon"]
[Result "1-0"]
[WhiteCountry "ARG"]
[BlackCountry "ENG"]
[WhiteElo "1741"]
[WhiteRD "47"]
[BlackElo "1791"]
[BlackRD "62"]
[GameID "333866"]

1. e4 e5 2. Nf3 Nc6 3. Bb5 a6 4. Bxc6 dxc6 5. O-O f6 6. d4 exd4 7. Nxd4 Bc5 8. Qh5+ g6 9. Qxc5 Qe7 10. Qxe7+ Nxe7
11. Bf4 O-O 12. Bxc7 Bd7 13. Bd6 Rae8 14. Bxe7 Rxe7 15. Nc3 c5 16. Nf3 Bc6 17. Rfe1 Rfe8 18. Nd5 Bxd5 19. exd5 Rxe1+ 20. Rxe1 Rd8
21. c4 Kf7 22. Re6 Rd7 23. Nd2
1-0

[Event "MAESTRO  OSCAR PANNO"]
[Site "SchemingMind.com"]
[Date "2013.06.30"]
[Round "-"]
[White "Scooter"]
[Black "private napoleon"]
[Result "1/2-1/2"]
[WhiteCountry "USA"]
[BlackCountry "ENG"]
[WhiteElo "1729"]
[WhiteRD "51"]
[BlackElo "1812"]
[BlackRD "60"]
[GameID "333867"]

1. d4 d5 2. Nf3 Bf5 3. Bf4 e6 4. e3 Nf6 5. Bd3 Bxd3 6. Qxd3 Bd6 7. Bxd6 Qxd6 8. c3 Nbd7 9. O-O O-O 10. Nbd2 e5
11. dxe5 Nxe5 12. Nxe5 Qxe5 13. Nf3 Qe6 14. Rfd1 c6 15. h3 Rfe8 16. Rac1 Nd7 17. c4 Ne5 18. Nxe5 Qxe5 19. cxd5 cxd5 20. b3 Red8
21. Rc5 Rac8 22. Rxd5 Rxd5 23. Qxd5 Qxd5 24. Rxd5 g6 25. Rd7 Rc2 26. Rxb7 Rxa2 27. b4 a6 28. b5 axb5 29. Rxb5 Kg7 30. e4 Ra1+=
31. Kh2 Ra2 32. f3 Rc2 33. e5 Re2 34. f4 h5 35. Kg3 Re3+ 36. Kf2 Ra3 37. Rd5 Kg8 38. h4 Kg7 39. g3 Rb3 40. Rd7 Kf8
41. Rd2 Ke7 42. Re2 Ra3 43. Re3 Ra2+ 44. Kf3 Ra1 45. Ke4 Ke6 46. Rd3 Ra4+ 47. Rd4 Ra1 48. Rd6+ Ke7 49. Kf3 Ra3+=
1/2-1/2

[Event "MAESTRO  OSCAR PANNO"]
[Site "SchemingMind.com"]
[Date "2013.06.30"]
[Round "-"]
[White "michel"]
[Black "private napoleon"]
[Result "1-0"]
[WhiteCountry "CAN"]
[BlackCountry "ENG"]
[WhiteElo "2038"]
[WhiteRD "61"]
[BlackElo "1812"]
[BlackRD "60"]
[GameID "333868"]

1. e4 c5 2. Nf3 d6 3. Bb5+ Nc6 4. O-O g6 5. d4 Bd7 6. dxc5 dxc5 7. Be3 b6 8. Qe2 Bg7 9. Nc3 a6 10. Bxc6 Bxc6
11. Bf4 Nf6 12. Ne5 Qc8 13. Nxc6 Qxc6 14. Rfd1 O-O 15. Nd5 Nxd5 16. exd5 Qb7 17. Be5 f6 18. Bf4 Rad8 19. c4 Kh8 20. Re1 Rd7
21. a4 Re8 22. Rad1 Red8 23. Rd3 Kg8 24. Qe6+ Kf8 25. Rh3 h5 26. g4 hxg4 27. Qxg4 Kf7 28. Qe6+ Kf8 29. Bh6 Qc7 30. Re4 Qd6
31. Bxg7+ Kxg7 32. Rhe3 Qxe6 33. Rxe6 Kf7 34. Rxb6 Rd6 35. Re6 Rxe6 36. dxe6+ Kf8 37. Rxa6 Rb8 38. Rc6 Rxb2 39. Rxc5 Ra2 40. a5 f5
41. Rb5 Kg7 42. c5 Kf6 43. c6 Kxe6 44. Rc5
1-0

[Event "MAESTRO  OSCAR PANNO"]
[Site "SchemingMind.com"]
[Date "2013.06.30"]
[Round "-"]
[White "kenneth m day"]
[Black "private napoleon"]
[Result "0-1"]
[WhiteCountry "USA"]
[BlackCountry "ENG"]
[WhiteElo "1807"]
[WhiteRD "52"]
[BlackElo "1791"]
[BlackRD "69"]
[GameID "333869"]

1. e4 c5 2. d4 cxd4 3. c3 g6 4. cxd4 Bg7 5. Nf3 d6 6. Nc3 Nc6 7. Be3 Bg4 8. d5 Bxf3 9. Qxf3 Ne5 10. Bb5+ Nd7
11. O-O Nf6 12. Rac1 O-O 13. Rc2 Ne5 14. Qe2 a6 15. Ba4 b5 16. Bb3 Rc8 17. Rfc1 Qa5 18. f4 Nc4 19. Bxc4 bxc4 20. a3 Rc7
21. Qf2 Rb8 22. Bd4 Rb3 23. e5 dxe5 24. Bxe5 Rd7 25. Qf3 Nxd5 26. Bxg7 Kxg7 27. Rd2 Rxc3 28. Rxc3 e6 29. Rcc2 Rc7 30. Rd1 Qb6+
31. Kh1 Ne3 32. Qf2 Qc5 33. Rdd2 Nxc2 34. Qxc5 Rxc5 35. Rxc2 Kf6 36. g3 Kf5 37. Rc3 f6 38. Kg2 e5 39. fxe5 fxe5 40. Kf3 e4+
41. Ke3 Ke5 42. h3 a5 43. b3 Kd5 44. bxc4+ Rxc4 45. Rxc4 Kxc4 46. Kxe4 Kb3 47. Kd3 Kxa3 48. Kc3 a4 49. g4 g5 50. Kc2 Kb4
51. Kb2 Kc4 52. Ka3 Kd3 53. Kxa4 Ke3 54. Kb4 Kf3
0-1